ओशो विचार मंथन (भोसले/ कुंटे ) (Record no. 440687)
[ view plain ]
| 000 -LEADER | |
|---|---|
| fixed length control field | 00615nam a2200157Ia 4500 |
| 008 - FIXED-LENGTH DATA ELEMENTS--GENERAL INFORMATION | |
| fixed length control field | 100122s9999 xx 000 0 und d |
| 082 ## - DEWEY DECIMAL CLASSIFICATION NUMBER | |
| Item number | 69377 |
| Classification number | 181.4 |
| 100 ## - MAIN ENTRY--PERSONAL NAME | |
| Personal name | भोसले राजन |
| 245 ## - TITLE STATEMENT | |
| Title | ओशो विचार मंथन (भोसले/ कुंटे ) |
| 260 ## - PUBLICATION, DISTRIBUTION, ETC. (IMPRINT) | |
| Name of publisher, distributor, etc | मनोविकास प्रकाशन |
| Date of publication, distribution, etc | 2005 |
| 300 ## - PHYSICAL DESCRIPTION | |
| Extent | 224 |
| 630 ## - SUBJECT ADDED ENTRY--UNIFORM TITLE | |
| Uniform title | ओशो विचार मंथन (भोसले/ कुंटे ) |
| 700 ## - ADDED ENTRY--PERSONAL NAME | |
| Personal name | कुंटे माधवी |
| 730 ## - ADDED ENTRY--UNIFORM TITLE | |
| Uniform title | ओशो विचार मंथन (भोसले/ कुंटे ) |
| 942 ## - ADDED ENTRY ELEMENTS (KOHA) | |
| Koha item type | Book |
| Withdrawn status | Lost status | Damaged status | Not for loan | Home library | Current library | Date acquired | Cost, normal purchase price | Total Checkouts | Full call number | Barcode | Date last seen | Cost, replacement price | Price effective from | Koha item type | Public note |
|---|---|---|---|---|---|---|---|---|---|---|---|---|---|---|---|
| S.V. Pathak Library, Vile Parle | S.V. Pathak Library, Vile Parle | 05/18/2006 | 170.00 | 69377 | SVPPARLE-69377 | 01/25/2010 | 170.00 | 01/25/2010 | Book | General NA |